Catálogo público

Curso de dibujo técnico industrial / (Record no. 177605)

MARC details
000 -CABECERA
campo de control de longitud fija 01002nam a2200325Ia 4500
001 - NÚMERO DE CONTROL
campo de control dia_6533
003 - IDENTIFICADOR DEL NÚMERO DE CONTROL
campo de control CHAP
005 - FECHA Y HORA DE LA ÚLTIMA TRANSACCIÓN
campo de control 20230316100606.0
008 - DATOS DE LONGITUD FIJA--INFORMACIÓN GENERAL
campo de control de longitud fija 220117s1955 xx 000 0 und d
010 ## - NÚMERO DE CONTROL DE LA BIBLIOTECA DEL CONGRESO
Número de control de LC 177605
020 ## - NÚMERO INTERNACIONAL ESTÁNDAR DEL LIBRO
Número Internacional Estándar del Libro 978-970-07-6618-7
040 ## - FUENTE DE LA CATALOGACIÓN
Centro/agencia transcriptor CHAP
082 ## - NÚMERO DE LA CLASIFICACIÓN DECIMAL DEWEY
Número de clasificación 604.2 C35 1955
100 ## - ENTRADA PRINCIPAL--NOMBRE DE PERSONA
Nombre de persona Calderón Barquín, Francisco José
9 (RLIN) 161656
245 ## - MENCIÓN DE TÍTULO
Título Curso de dibujo técnico industrial /
Mención de responsabilidad, etc. Francisco José Calderón Barquín
250 ## - MENCIÓN DE EDICIÓN
Mención de edición 51a ed.
260 ## - PUBLICACIÓN, DISTRIBUCIÓN, ETC.
Lugar de publicación, distribución, etc. México :
Nombre del editor, distribuidor, etc. Porrúa,
Fecha de publicación, distribución, etc. 1955
300 ## - DESCRIPCIÓN FÍSICA
Extensión 2 t.
500 ## - NOTA GENERAL
Nota general La biblioteca tiene el t.1
503 ## - NOTA DE HISTORIA BIBLIOGRÁFICA (BK CF MU) [OBSOLETO]
Nota de historia bibliográfica C.
505 ## - NOTA DE CONTENIDO CON FORMATO
Nota de contenido con formato t.Problemas geométricos, proyecciones e isométrico -- t.2. Elementos de máquinas
590 ## - NOTA LOCAL (RLIN)
Nota local T353 C35 1955
650 ## - PUNTO DE ACCESO ADICIONAL DE MATERIA--TÉRMINO DE MATERIA
Término de materia o nombre geográfico como elemento de entrada Dibujo técnico
9 (RLIN) 159128
650 ## - PUNTO DE ACCESO ADICIONAL DE MATERIA--TÉRMINO DE MATERIA
Término de materia o nombre geográfico como elemento de entrada Diseño de máquinas
9 (RLIN) 161657
650 ## - PUNTO DE ACCESO ADICIONAL DE MATERIA--TÉRMINO DE MATERIA
Término de materia o nombre geográfico como elemento de entrada Mechanical drawing
9 (RLIN) 159129
901 ## - ELEMENTOS DE DATOS A LOCAL LDA (RLIN)
a 604.2 C35 1955
902 ## - ELEMENTOS DE DATOS B LOCAL, LDB (RLIN)
a A
905 ## - ELEMENTOS DE DATOS E LOCAL, LDE (RLIN)
a 5232271955 mx aimn8222223322spa16
942 ## - ELEMENTOS DE PUNTO DE ACCESO ADICIONAL (KOHA)
Tipo de ítem Koha Libro
Fuente del sistema de clasificación o colocación Dewey Decimal Classification
Holdings
Estado de retiro Estado de pérdida Fuente del sistema de clasificación o colocación Estado dañado No para préstamo Código de colección Localización permanente Ubicación/localización actual Fecha de adquisición Información codificada de la localización en otra ubicación Total de préstamos Signatura topográfica completa Código de barras Fecha visto por última vez Número de copia Precio válido a partir de Tipo de ítem Koha
    Dewey Decimal Classification     General Ingenieria Agroindustrial Ingenieria Agroindustrial 18/01/2022 1   604.2 C35 1955 dia_010566 18/01/2022 2 18/01/2022 Libro
    Dewey Decimal Classification     General Ingenieria Agroindustrial Ingenieria Agroindustrial 18/01/2022 1   604.2 C35 1955 dia_010543 18/01/2022 1 18/01/2022 Libro